| 000 | 00597nam a2200241Ia 4500 | ||
|---|---|---|---|
| 005 | 20250425161339.0 | ||
| 008 | 250425s9999 xx 000 0 und d | ||
| 020 | _a0135557488 | ||
| 041 | _aeng | ||
| 082 | _a670.42 | ||
| 100 | _aAMRINE, HAROLD T. | ||
| 245 | 0 | _aMANUFACTURING ORGANIZATION AND MANAGEMENT | |
| 250 | _a4TH ED. | ||
| 260 | _aENGLEWOOD | ||
| 260 |
_aEstados Unidos _bPRENTICE-HALL _c1982 |
||
| 300 | _a529 | ||
| 650 | _aMANUFACTURA | ||
| 650 | _aORGANIZACION-PROCESOS | ||
| 700 | _aHULLEY, OLIVER S. | ||
| 700 | _aRITCHEY, JOHN A. | ||
| 942 | _c01 | ||
| 010 | _a18271 | ||
| 999 |
_c207416 _d207416 |
||